00776 2200253 4500001002100000005001500021035002500036020002200061040001700083082001500100084001700115100003600132245011200168260003600280300004600316650001100362700002800373850001200401090002100413008004100434007000300475990002200478990002200500INLIS00000000001738720200506121811 a0010-021600000000475 a978-979-1392-25-9 aYOPDYOGbind04222a791.53 a791.53 SUM m0 aKi Sumanto Susilamadyaepenulis00aMari mengenal wayang :btokoh wayang mahabarata /cpenulis, Ki Sumanto Susilamadya; penyunting, Aldo Sahala3 aYogyakarta :bAdi Wacana,c2014 axxvii, 280 halaman :bilustrasi ;c25 cm. 4aWayang0 aAldo Sahalaepenyunting aYOPDYOG aDEP 791.53 SUM m160210s2014 yoi g ind dta aCB-D.11/2014-1111 aCB-D.11/2014-1111